| 000 | 00379nam a2200121Ia 4500 | ||
|---|---|---|---|
| 008 | 221021s9999||||xx |||||||||||||| ||und|| | ||
| 040 | _cChuka University Library | ||
| 050 |
_aBL 70 _b.B7 1946 |
||
| 100 |
_aBrowne, Lewis _9802 |
||
| 245 | 4 | _aThe world's ggreat scriptures:an anthology of sacred books of the ten principal religion | |
| 260 |
_aNew York _bMacmillan _c1946 |
||
| 942 | _cBK | ||
| 999 |
_c727 _d727 |
||